| 000 | 01246nam2a2200253 4500 | ||
|---|---|---|---|
| 001 | rc\2823262 | ||
| 005 | 20260315044533.0 | ||
| 035 | _a(NLR Aleph) 006981613 | ||
| 090 |
_a13569258 _c13569258 |
||
| 100 | _a20110623d1929 u y0rusy50 ca | ||
| 101 | 0 | _arus | |
| 102 | _aRU | ||
| 105 | _ay j ||||| | ||
| 200 | 0 |
_a1928/29 учебный год. Вып. N 5 _fСост. Серебрянский |
|
| 210 | _d[1929] | ||
| 215 | _a24 с. | ||
| 461 | 0 |
_1001rc\2823257 _12000#$aВ помощь партучебе$eОрган АППО ЦК и МК ВКП(б) и Главполитпросвета$iИстория клас. борьбы и международ. раб. движения$v1928/29 учебный год. Вып. N 5 _95537131 _cМосква _d[1929] _iИстория клас. борьбы и международ. раб. движения _nжурн. "В помощь партучебе" _oОрган АППО ЦК и МК ВКП(б) и Главполитпросвета _tВ помощь партучебе _v1928/29 учебный год. Вып. N 5 |
|
| 702 | 1 |
_aСеребрянский _4220 |
|
| 801 | 0 |
_aRU _bNLR _gpsbo |
|
| 801 | 1 |
_aRU _bELAR _2rusmarc |
|
| 852 |
_aNLR _j65-7/2643(5) |
||
| 942 | _cUNSPEC | ||
| 980 | _aNB | ||